000 00633nam a2200277Ia 4500
005 20260324133528.0
008 008 260324s9999 xx 000 0 eng d
020 _a9780203494615
037 _aEBOOK
040 _aCRL
040 _beng
040 _cCRL
041 _2eng
041 _aeng
084 _qCRL
100 _aAdrian Goldsworthy
_9872455
245 0 _aCaesar's Civil War 49-44 BC
260 _bTaylor and Francis
260 _c2003
365 _a
365 _b125
856 _uhttp://www.taylorfrancis.com/books/9780203494615
942 _cEBOOK
999 _c1792559
_d1792559